|
|
|
|
| LEADER |
00000nam0a2200000 4500 |
| 001 |
346576 |
| 005 |
20231102005912.0 |
| 010 |
|
|
|a 5170210973
|
| 010 |
|
|
|a 5-9577-0071-1
|
| 035 |
|
|
|a (RuTPU)RU\TPU\book\378458
|
| 090 |
|
|
|a 346576
|
| 100 |
|
|
|a 20211020d2003 m y0rusy50 ca
|
| 101 |
1 |
|
|a rus
|c eng
|
| 102 |
|
|
|a RU
|
| 105 |
|
|
|a y z 000ay
|
| 200 |
1 |
|
|a Легенды Приграничья
|e сборник
|e пер. с англ.
|f А. Б. Чандлер
|
| 210 |
|
|
|a Москва
|c АСТ
|c Ермак
|d 2003
|
| 215 |
|
|
|a 749 с.
|
| 225 |
1 |
|
|a Классика мировой фантастики
|
| 330 |
|
|
|a А. Бертрам Чандлер родился в 1912 г. в Англии, сделал блистательную карьеру на флоте, уехал в Австралию, продолжил свою "морскую деятельность" там — и умер в 1984 г., успев стать автором сорока научно-фантастических романов и более двухсот рассказов и новелл — произведений, по сей день оставшихся ОБРАЗЦАМИ хорошей приключенческой фантастики!
|
| 606 |
1 |
|
|a Английская литература
|2 stltpush
|3 (RuTPU)RU\TPU\subj\29042
|9 52454
|
| 610 |
1 |
|
|a художественная литература
|
| 610 |
1 |
|
|a фантастика
|
| 610 |
1 |
|
|a научно-фантастические романы
|
| 675 |
|
|
|a 82
|v 4
|
| 700 |
|
1 |
|a Чандлер
|b А. Б.
|g Артур Бертрам
|
| 801 |
|
1 |
|a RU
|b 63413507
|c 20211020
|
| 801 |
|
2 |
|a RU
|b 63413507
|c 20211112
|g RCR
|
| 942 |
|
|
|c BK
|